[Event "BC op"]
[Site "Clearbrook CAN"]
[Date "1986.08.04"]
[Round "5"]
[White "Berry, Jonathan"]
[Black "Ross, Dave"]
[Result "1-0"]
[WhiteElo "2300"]
[BlackElo "2285"]
[PlyCount "71"]
[GameId "2160767912651035"]
[EventDate "1986.08.02"]
[EventType "swiss"]
[EventRounds "6"]
[EventCountry "CAN"]
[SourceTitle "EXT 2022"]
[Source "ChessBase"]
[SourceDate "2021.10.06"]
[SourceVersion "1"]
[SourceVersionDate "2021.10.06"]
[SourceQuality "1"]

1. d4 Nf6 2. Nf3 d6 3. Nc3 Nbd7 4. e4 e5 5. Bc4 Be7 6. O-O O-O 7. Re1 c6 8. a4 a5 9. h3 Qc7 10. b3 Re8 11. Bb2 Bf8 12. dxe5 Nxe5 13. Nxe5 dxe5 14. Qf3 Be6 15. Bxe6 Rxe6 16. Nd1 Nd7 17. Ne3 Bc5 18. Rad1 Nf8 19. Nf5 Rae8 20. Rd3 Qb6 21. Red1 Rf6 22. Bc1 Ne6 23. Rd7 Kh8 24. g4 Nd4 25. Qd3 h6 26. Kg2 Ne6 27. Qg3 Nd4 28. Qxe5 Nxc2 29. f4 Rfe6 30. Qc3 Nb4 31. Bb2 f6 32. Kf3 Bg1 33. R1d2 Kh7 34. h4 Qa6 35. Re2 h5 36. gxh5 1-0

[Event "CAN-ch"]
[Site "Winnipeg CAN"]
[Date "1986.??.??"]
[Round "?"]
[White "Baragar, Fletcher"]
[Black "Ross, Dave"]
[Result "1-0"]
[WhiteElo "2270"]
[BlackElo "2285"]
[PlyCount "84"]
[GameId "2160767912651074"]
[EventDate "1986.07.12"]
[EventType "tourn"]
[EventRounds "15"]
[EventCountry "CAN"]
[SourceTitle "CBM 004"]
[Source "ChessBase"]
[SourceDate "2004.01.01"]
[SourceVersion "1"]
[SourceVersionDate "2004.01.01"]
[SourceQuality "1"]

1. d4 Nf6 2. c4 c5 3. d5 b5 4. Nf3 bxc4 5. Nc3 d6 6. e4 g6 7. Bxc4 Bg7 8. O-O O-O 9. Re1 Bg4 10. h3 Bxf3 11. Qxf3 Nbd7 12. Qe2 Rb8 13. Bg5 h6 14. Be3 Qa5 15. Rab1 Kh7 16. Bd2 Ne5 17. Nb5 Qb6 18. b3 e6 19. a4 exd5 20. Bxd5 Nxd5 21. exd5 a6 22. Nc3 f5 23. f4 Nd7 24. Qc4 Rf7 25. Re6 Qb4 26. Qxb4 cxb4 27. Na2 Nc5 28. Bxb4 Nxe6 29. dxe6 Rf6 30. Re1 Re8 31. e7 Kg8 32. Nc3 Rf7 33. Nd5 Bd4+ 34. Kf1 Bc5 35. Bc3 g5 36. b4 Ba7 37. fxg5 hxg5 38. Re6 Kh7 39. Rxd6 g4 40. Nf6+ Rxf6 41. Bxf6 Kg6 42. Be5+ Kf7 1-0

[Event "CAN-ch"]
[Site "Winnipeg CAN"]
[Date "1986.??.??"]
[Round "?"]
[White "Hawkes, Rob"]
[Black "Ross, Dave"]
[Result "1-0"]
[WhiteElo "2315"]
[BlackElo "2285"]
[PlyCount "83"]
[GameId "2160767912651094"]
[EventDate "1986.07.12"]
[EventType "tourn"]
[EventRounds "15"]
[EventCountry "CAN"]
[SourceTitle "CBM 004"]
[Source "ChessBase"]
[SourceDate "2004.01.01"]
[SourceVersion "1"]
[SourceVersionDate "2004.01.01"]
[SourceQuality "1"]

1. e4 d6 2. f4 g6 3. Nf3 Nf6 4. Nc3 Bg7 5. Bc4 c6 6. Bb3 d5 7. e5 Ng8 8. h3 h5 9. d4 Na6 10. Be3 Nh6 11. Qd2 Nf5 12. Bf2 h4 13. Ne2 e6 14. c3 Bf8 15. Bc2 Be7 16. O-O Bd7 17. b4 Nc7 18. Kh2 b6 19. Neg1 Rh5 20. Rfb1 Bc8 21. Bd1 Ba6 22. a4 Bc4 23. Qe1 Bd3 24. Rb2 Rh8 25. Qd2 Bc4 26. Ng5 Bxg5 27. fxg5 a6 28. Nf3 b5 29. Qf4 bxa4 30. Bxa4 Nb5 31. Bxh4 Nxc3 32. Bxc6+ Kf8 33. Bxa8 Ne2 34. Rxe2 Bxe2 35. g4 Nxh4 36. Nxh4 Rxh4 37. Qf2 Rh7 38. Qxe2 Qxa8 39. Qxa6 Qd8 40. Qd6+ Qe7 41. Ra8+ Kg7 42. Qxe7 1-0

[Event "CAN-ch"]
[Site "Winnipeg CAN"]
[Date "1986.??.??"]
[Round "?"]
[White "Pajak, John"]
[Black "Ross, Dave"]
[Result "1/2-1/2"]
[WhiteElo "2310"]
[BlackElo "2285"]
[PlyCount "82"]
[GameId "2160767912651122"]
[EventDate "1986.07.12"]
[EventType "tourn"]
[EventRounds "15"]
[EventCountry "CAN"]
[SourceTitle "CBM 004"]
[Source "ChessBase"]
[SourceDate "2004.01.01"]
[SourceVersion "1"]
[SourceVersionDate "2004.01.01"]
[SourceQuality "1"]

1. c4 Nf6 2. Nc3 d6 3. d4 Nbd7 4. Nf3 c6 5. e4 e5 6. Be2 Be7 7. O-O O-O 8. Re1 a6 9. Bf1 Qc7 10. Rb1 Re8 11. h3 Bf8 12. a3 exd4 13. Qxd4 Ne5 14. Nxe5 dxe5 15. Qe3 Be6 16. b4 Rad8 17. c5 Be7 18. Bb2 h6 19. Red1 Nh7 20. Na4 Bg5 21. Qc3 Bf6 22. Nb6 Ng5 23. f3 Nh7 24. Bc4 Nf8 25. Qb3 Bh4 26. Bxe6 Nxe6 27. Nc4 Bf6 28. Nd6 Re7 29. g3 Red7 30. f4 Rxd6 31. cxd6 Rxd6 32. Rxd6 Qxd6 33. Rd1 Qc7 34. Bxe5 Bxe5 35. fxe5 Qxe5 36. Qf3 Qc7 37. Kg2 a5 38. Qf5 axb4 39. axb4 Qe7 40. Ra1 Qxb4 41. Ra8+ Nf8 1/2-1/2

[Event "CAN-ch"]
[Site "Winnipeg CAN"]
[Date "1986.??.??"]
[Round "?"]
[White "Ross, Dave"]
[Black "Allan, Denis"]
[Result "1/2-1/2"]
[WhiteElo "2285"]
[BlackElo "2280"]
[PlyCount "79"]
[GameId "2160767912651134"]
[EventDate "1986.07.12"]
[EventType "tourn"]
[EventRounds "15"]
[EventCountry "CAN"]
[SourceTitle "CBM 004"]
[Source "ChessBase"]
[SourceDate "2004.01.01"]
[SourceVersion "1"]
[SourceVersionDate "2004.01.01"]
[SourceQuality "1"]

1. d4 Nf6 2. c4 d6 3. Nc3 g6 4. e4 Bg7 5. Be2 O-O 6. Nf3 Bg4 7. Be3 Nfd7 8. Ng1 Bxe2 9. Ngxe2 c5 10. O-O Nc6 11. b3 a6 12. d5 Na5 13. Rb1 Rb8 14. a4 Nf6 15. h3 Ne8 16. Qd3 b6 17. Rfc1 Nb7 18. Qd2 e5 19. dxe6 fxe6 20. Nf4 Qe7 21. Re1 Na5 22. Nd3 Nc6 23. Bh6 Nc7 24. Bxg7 Qxg7 25. Ne2 a5 26. Rbd1 Rbd8 27. Qe3 d5 28. cxd5 exd5 29. exd5 Rfe8 30. Qc1 Nxd5 31. Qc4 Qf7 32. Ng3 Rxe1+ 33. Rxe1 Ndb4 34. Nb2 Nd4 35. Re7 Qxc4 36. Nxc4 Nd5 37. Rb7 Nxb3 38. Ne4 h6 39. Nxb6 Nxb6 40. Nf6+ 1/2-1/2

[Event "CAN-ch"]
[Site "Winnipeg CAN"]
[Date "1986.??.??"]
[Round "?"]
[White "Ross, Dave"]
[Black "Spraggett, Kevin"]
[Result "1/2-1/2"]
[WhiteElo "2285"]
[BlackElo "2525"]
[PlyCount "41"]
[GameId "2160767912651137"]
[EventDate "1986.07.12"]
[EventType "tourn"]
[EventRounds "15"]
[EventCountry "CAN"]
[SourceTitle "CBM 004"]
[Source "ChessBase"]
[SourceDate "2004.01.01"]
[SourceVersion "1"]
[SourceVersionDate "2004.01.01"]
[SourceQuality "1"]

1. e4 c5 2. Nf3 d6 3. Nc3 e6 4. d4 cxd4 5. Nxd4 Nf6 6. g3 Be7 7. Bg2 O-O 8. O-O a6 9. a4 Qc7 10. a5 Nc6 11. Nb3 Ne5 12. Qe2 Re8 13. f4 Nc4 14. Ra4 b5 15. axb6 Nxb6 16. Ra1 d5 17. e5 Nfd7 18. Be3 Nc4 19. Bd4 Bb7 20. Rae1 Na5 21. Nxa5 1/2-1/2

[Event "CAN-ch"]
[Site "Winnipeg CAN"]
[Date "1986.??.??"]
[Round "?"]
[White "Ross, Dave"]
[Black "Yanofsky, Abe"]
[Result "1/2-1/2"]
[WhiteElo "2285"]
[BlackElo "2390"]
[PlyCount "60"]
[GameId "2160767912651139"]
[EventDate "1986.07.12"]
[EventType "tourn"]
[EventRounds "15"]
[EventCountry "CAN"]
[SourceTitle "CBM 004"]
[Source "ChessBase"]
[SourceDate "2004.01.01"]
[SourceVersion "1"]
[SourceVersionDate "2004.01.01"]
[SourceQuality "1"]

1. d4 Nf6 2. c4 e6 3. g3 d5 4. Nf3 c5 5. Bg2 Nc6 6. O-O cxd4 7. Nxd4 Be7 8. Nc3 O-O 9. cxd5 exd5 10. Bg5 h6 11. Bf4 Be6 12. Rc1 Bd6 13. Bxd6 Qxd6 14. e4 Bg4 15. f3 Bh5 16. Nxd5 Nxd5 17. Nf5 Qf6 18. Qxd5 Bg6 19. Rf2 Rad8 20. Qb5 Ne5 21. Bf1 Bxf5 22. exf5 b6 23. Be2 Rd2 24. f4 Nd7 25. Rd1 Rxd1+ 26. Bxd1 Nc5 27. Bc2 Qd4 28. b4 Ne4 29. Bxe4 Qxe4 30. Re2 Qd4+ 1/2-1/2

[Event "Paul Keres mem (11th)"]
[Site "Vancouver CAN"]
[Date "1986.05.17"]
[Round "2"]
[White "Ross, Dave"]
[Black "Donaldson, John"]
[Result "1/2-1/2"]
[WhiteElo "2321"]
[BlackElo "2420"]
[PlyCount "35"]
[GameId "2160767912651456"]
[EventDate "1986.05.17"]
[EventType "swiss"]
[EventRounds "7"]
[EventCountry "CAN"]
[SourceTitle "EXT 2022"]
[Source "ChessBase"]
[SourceDate "2021.10.06"]
[SourceVersion "1"]
[SourceVersionDate "2021.10.06"]
[SourceQuality "1"]

1. Nf3 Nf6 2. c4 g6 3. d4 Bg7 4. Nc3 O-O 5. e4 d6 6. Be2 Bg4 7. Be3 Nfd7 8. Ng1 Bxe2 9. Ngxe2 c5 10. O-O Nc6 11. b3 e5 12. dxc5 dxc5 13. Nd5 Nd4 14. Qd2 Nf6 15. Nxf6+ Bxf6 16. Nc3 Bg7 17. Nd5 Ne6 18. Rad1 1/2-1/2

[Event "Paul Keres mem (11th)"]
[Site "Vancouver CAN"]
[Date "1986.05.17"]
[Round "3"]
[White "Danenhower, Peter"]
[Black "Ross, Dave"]
[Result "0-1"]
[WhiteElo "2096"]
[BlackElo "2321"]
[PlyCount "66"]
[GameId "2160767912651463"]
[EventDate "1986.05.17"]
[EventType "swiss"]
[EventRounds "7"]
[EventCountry "CAN"]
[SourceTitle "EXT 2022"]
[Source "ChessBase"]
[SourceDate "2021.10.06"]
[SourceVersion "1"]
[SourceVersionDate "2021.10.06"]
[SourceQuality "1"]

1. d4 Nf6 2. Nf3 e6 3. c4 c5 4. d5 exd5 5. cxd5 d6 6. Nc3 g6 7. Nd2 Nbd7 8. Nc4 Nb6 9. e4 Nxc4 10. Bxc4 Bg7 11. O-O O-O 12. Bg5 h6 13. Bh4 a6 14. a4 Rb8 15. Re1 Re8 16. Qc2 g5 17. Bg3 Ng4 18. Rab1 Ne5 19. Be2 Qf6 20. b4 c4 21. Rec1 b5 22. axb5 axb5 23. Ra1 Qg6 24. Ra5 Bd7 25. Ra7 Re7 26. Bxe5 Bxe5 27. Bg4 Bxg4 28. Rxe7 Qf6 29. Ra7 Qf4 30. g3 Qf3 31. Nd1 Bd4 32. Ra2 Re8 33. Ne3 Bxe3 0-1

[Event "Paul Keres mem (11th)"]
[Site "Vancouver CAN"]
[Date "1986.05.18"]
[Round "4"]
[White "Ross, Dave"]
[Black "Morin, Glenn"]
[Result "1/2-1/2"]
[WhiteElo "2321"]
[BlackElo "2108"]
[PlyCount "92"]
[GameId "2160767912651479"]
[EventDate "1986.05.17"]
[EventType "swiss"]
[EventRounds "7"]
[EventCountry "CAN"]
[SourceTitle "EXT 2022"]
[Source "ChessBase"]
[SourceDate "2021.10.06"]
[SourceVersion "1"]
[SourceVersionDate "2021.10.06"]
[SourceQuality "1"]

1. c4 Nf6 2. Nf3 e6 3. d4 d5 4. g3 Be7 5. Bg2 O-O 6. O-O b6 7. cxd5 exd5 8. Ne5 Bb7 9. Nc3 Re8 10. Qb3 c6 11. e4 Bd6 12. exd5 Bxe5 13. dxe5 Nxd5 14. Nxd5 cxd5 15. Bf4 Nd7 16. Rfe1 Nc5 17. Qa3 Qe7 18. Rad1 Ne4 19. Qxe7 Rxe7 20. h4 h6 21. Bh3 Rae8 22. f3 Nc5 23. Kf2 Ne6 24. Bd2 Nc5 25. Bc3 Ba6 26. Bf5 g6 27. Bc2 Bb7 28. b4 Ne6 29. Bb3 Rc7 30. Bb2 Rd8 31. f4 h5 32. Rc1 Rcd7 33. Red1 d4 34. Bxe6 fxe6 35. Rd2 d3 36. Ke3 Kf7 37. a4 Ke7 38. b5 Rd5 39. Ba3+ Kd7 40. Rc3 Rc8 41. Rxc8 Bxc8 42. Bd6 a6 43. Rxd3 Rxd3+ 44. Kxd3 axb5 45. axb5 Bb7 46. Bb4 Bg2 1/2-1/2

[Event "Paul Keres mem (11th)"]
[Site "Vancouver CAN"]
[Date "1986.05.18"]
[Round "5"]
[White "Skulsky, Ian"]
[Black "Ross, Dave"]
[Result "1/2-1/2"]
[WhiteElo "2131"]
[BlackElo "2321"]
[PlyCount "104"]
[GameId "2160767912651486"]
[EventDate "1986.05.17"]
[EventType "swiss"]
[EventRounds "7"]
[EventCountry "CAN"]
[SourceTitle "EXT 2022"]
[Source "ChessBase"]
[SourceDate "2021.10.06"]
[SourceVersion "1"]
[SourceVersionDate "2021.10.06"]
[SourceQuality "1"]

1. e4 e6 2. d4 d5 3. Nd2 a6 4. Ngf3 c5 5. exd5 exd5 6. dxc5 Bxc5 7. Nb3 Ba7 8. Bg5 Nf6 9. Bd3 O-O 10. O-O Nc6 11. c3 Bg4 12. Re1 Qd6 13. Bh4 Rfe8 14. Bg3 Qd7 15. Be2 Ne4 16. Nbd4 Rad8 17. Nxc6 bxc6 18. Qa4 Nc5 19. Qd1 Qb7 20. Nd4 Bd7 21. Qc2 Ne4 22. Qb3 Qc8 23. Nf3 Nxg3 24. hxg3 a5 25. Bd3 Qc7 26. Kf1 g6 27. Qc2 Bg4 28. Nd4 Bd7 29. Qd2 Qb6 30. b3 c5 31. Nf3 Qf6 32. Rxe8+ Rxe8 33. Re1 Rxe1+ 34. Qxe1 a4 35. Ne5 Be6 36. Nc6 axb3 37. axb3 Bb6 38. Qe5 Kg7 39. c4 dxc4 40. Bxc4 Bd7 41. Bd5 h5 42. f4 Qxe5 43. Nxe5 Be8 44. Bc4 Bc7 45. Nf3 Kf6 46. Ng5 Ke7 47. Ne4 Bb6 48. Nc3 Kf8 49. Nd5 Ba5 50. f5 Bd7 51. fxg6 fxg6 52. Nf4 Bf5 1/2-1/2

[Event "Paul Keres mem (11th)"]
[Site "Vancouver CAN"]
[Date "1986.05.19"]
[Round "7"]
[White "Ross, Dave"]
[Black "Spraggett, Kevin"]
[Result "0-1"]
[WhiteElo "2321"]
[BlackElo "2596"]
[PlyCount "64"]
[GameId "2160767912651508"]
[EventDate "1986.05.17"]
[EventType "swiss"]
[EventRounds "7"]
[EventCountry "CAN"]
[SourceTitle "EXT 2022"]
[Source "ChessBase"]
[SourceDate "2021.10.06"]
[SourceVersion "1"]
[SourceVersionDate "2021.10.06"]
[SourceQuality "1"]

1. Nf3 c5 2. g3 b6 3. Bg2 Bb7 4. b3 Nf6 5. c4 g6 6. Bb2 Bg7 7. O-O O-O 8. Nc3 e6 9. Qc2 d5 10. cxd5 exd5 11. d4 Na6 12. Rad1 Qe7 13. e3 Rfd8 14. Qb1 Nc7 15. Rfe1 Rac8 16. Bh3 Ne6 17. Qa1 Re8 18. Bg2 Rcd8 19. Nb1 Ne4 20. Nbd2 f5 21. a3 Rc8 22. dxc5 N6xc5 23. Bxg7 Qxg7 24. Qxg7+ Kxg7 25. Bf1 Nxd2 26. Nxd2 Ne6 27. Rc1 d4 28. exd4 Kf6 29. d5 Bxd5 30. Bg2 Nd4 31. Kf1 Nxb3 32. Bxd5 Rxc1 0-1

[Event "BC-ch 1985-86 playoff"]
[Site "Vancouver CAN"]
[Date "1986.??.??"]
[Round "3"]
[White "Ross, Dave"]
[Black "Chow, Robert"]
[Result "1-0"]
[WhiteElo "2255"]
[BlackElo "2250"]
[PlyCount "91"]
[GameId "2160767912717313"]
[EventDate "1986.??.??"]
[EventType "match"]
[EventRounds "3"]
[EventCountry "CAN"]
[SourceTitle "EXT 2004"]
[Source "ChessBase"]
[SourceDate "2003.11.25"]
[SourceVersion "1"]
[SourceVersionDate "2003.11.25"]
[SourceQuality "1"]

1. d4 Nf6 2. c4 e6 3. g3 c5 4. Nf3 cxd4 5. Nxd4 Bb4+ 6. Bd2 Qb6 7. e3 Nc6 8. Bxb4 Qxb4+ 9. Qd2 O-O 10. Qxb4 Nxb4 11. a3 Nc6 12. Nc3 d5 13. cxd5 exd5 14. Rd1 Bg4 15. Be2 Bh3 16. f3 Be6 17. Kf2 Rac8 18. g4 Na5 19. g5 Ne8 20. Bb5 Nc7 21. Bd3 Na8 22. Rc1 Nb6 23. Rc2 Nc6 24. Nxc6 Rxc6 25. Nb5 Rxc2+ 26. Bxc2 Rc8 27. Nd4 Nc4 28. Rb1 Nd6 29. Bd3 Bd7 30. h4 Rc7 31. Kg3 f6 32. gxf6 gxf6 33. Kf4 Rc8 34. Rg1+ Kh8 35. Rg2 Rg8 36. Rc2 Rc8 37. Rxc8+ Bxc8 38. b3 Kg7 39. Bc2 Bd7 40. Bd3 Be8 41. Ne6+ Kg8 42. Nc7 Bf7 43. b4 Nc8 44. Nb5 a6 45. Bf5 Ne7 46. Nd6 1-0

[Event "BC-ch 1985-86"]
[Site "Vancouver CAN"]
[Date "1985.??.??"]
[Round "3"]
[White "Ross, Dave"]
[Black "Kuznecov, Alex"]
[Result "1/2-1/2"]
[WhiteElo "2215"]
[BlackElo "2350"]
[PlyCount "45"]
[GameId "2160767912717476"]
[EventDate "1985.12.28"]
[EventType "tourn"]
[EventRounds "9"]
[EventCountry "CAN"]
[SourceTitle "EXT 2002"]
[Source "ChessBase"]
[SourceDate "2001.11.25"]
[SourceVersion "1"]
[SourceVersionDate "2001.11.25"]
[SourceQuality "1"]

1. Nf3 c5 2. c4 Nc6 3. Nc3 g6 4. e3 d6 5. d4 Bg4 6. Be2 Bg7 7. O-O Rb8 8. d5 Na5 9. Qa4+ Bd7 10. Qa3 Nf6 11. Bd2 b6 12. e4 Qc7 13. Rad1 Nxc4 14. Bxc4 b5 15. Bxb5 Bxb5 16. Nxb5 Rxb5 17. Bc3 O-O 18. Rfe1 Qb7 19. Nd2 Nd7 20. Bxg7 Kxg7 21. Qc3+ f6 22. Nc4 Ne5 23. b3 1/2-1/2

[Event "BC-ch 1985-86"]
[Site "Vancouver CAN"]
[Date "1986.??.??"]
[Round "7"]
[White "Ross, Dave"]
[Black "Zuk, Robert"]
[Result "1/2-1/2"]
[WhiteElo "2255"]
[BlackElo "2320"]
[PlyCount "84"]
[GameId "2160767912717491"]
[EventDate "1985.12.28"]
[EventType "tourn"]
[EventRounds "9"]
[EventCountry "CAN"]
[SourceTitle "EXT 2002"]
[Source "ChessBase"]
[SourceDate "2001.11.25"]
[SourceVersion "1"]
[SourceVersionDate "2001.11.25"]
[SourceQuality "1"]

1. d4 Nf6 2. c4 e6 3. g3 d5 4. Nf3 dxc4 5. Bg2 a6 6. O-O b5 7. Ne5 Nd5 8. a4 Bb7 9. b3 cxb3 10. Qxb3 c6 11. Nc3 Nd7 12. Nxd5 exd5 13. e4 Nf6 14. Bg5 Be7 15. Bxf6 Bxf6 16. exd5 cxd5 17. axb5 O-O 18. bxa6 Bxa6 19. Qxd5 Bxf1 20. Rxa8 Qxa8 21. Qxa8 Rxa8 22. Bxa8 Bxe5 23. dxe5 Bc4 24. f4 Be6 25. Kf2 Kf8 26. Ke3 Ke8 27. Be4 g6 28. Bd3 Kf8 29. Kd4 Ke7 30. Be2 Bh3 31. Bf3 h6 32. Bd5 Bg4 33. Ke3 g5 34. Bf3 Bh3 35. Ke4 gxf4 36. gxf4 f6 37. f5 fxe5 38. Kxe5 Bf1 39. Bd5 Bd3 40. f6+ Kf8 41. Be4 Bc4 42. Bg6 Be2 1/2-1/2

[Event "CAN-ch"]
[Site "Edmonton CAN"]
[Date "1985.07.13"]
[Round "1"]
[White "Taylor, Gordon"]
[Black "Ross, Dave"]
[Result "1/2-1/2"]
[WhiteElo "2302"]
[BlackElo "2285"]
[PlyCount "40"]
[GameId "2160767912717963"]
[EventDate "1985.07.13"]
[EventType "tourn"]
[EventRounds "9"]
[EventCountry "CAN"]
[EventCategory "3"]
[SourceTitle "EXT 2025"]
[Source "ChessBase"]
[SourceDate "2024.10.14"]
[SourceVersion "1"]
[SourceVersionDate "2024.10.14"]
[SourceQuality "1"]

1. d4 Nf6 2. c4 g6 3. Nc3 d5 4. cxd5 Nxd5 5. e4 Nxc3 6. bxc3 Bg7 7. Bc4 O-O 8. Ne2 Qd7 9. O-O b6 10. f4 Bb7 11. Qd3 Nc6 12. f5 Na5 13. Ba6 Bxa6 14. Qxa6 c5 15. Qd3 cxd4 16. cxd4 Rad8 17. Be3 Qa4 18. Rac1 Qxa2 19. Rc7 Qb3 20. Qxb3 Nxb3 1/2-1/2

[Event "CAN-ch"]
[Site "Edmonton CAN"]
[Date "1985.07.14"]
[Round "2"]
[White "Ross, Dave"]
[Black "Reeve, Jeff"]
[Result "1/2-1/2"]
[WhiteElo "2285"]
[BlackElo "2247"]
[PlyCount "49"]
[GameId "2160767912717968"]
[EventDate "1985.07.13"]
[EventType "tourn"]
[EventRounds "9"]
[EventCountry "CAN"]
[EventCategory "3"]
[SourceTitle "EXT 2025"]
[Source "ChessBase"]
[SourceDate "2024.10.14"]
[SourceVersion "1"]
[SourceVersionDate "2024.10.14"]
[SourceQuality "1"]

1. d4 Nf6 2. c4 g6 3. Nc3 Bg7 4. e4 d6 5. Be2 O-O 6. Bg5 c5 7. dxc5 Qa5 8. Bd2 Qxc5 9. h3 Be6 10. Rc1 Bxc4 11. Nf3 Bxe2 12. Qxe2 Qb6 13. O-O Qa6 14. Qe3 Nbd7 15. Qg5 Rac8 16. Qh4 Rc5 17. Rfe1 h6 18. Bxh6 Rh5 19. Bxg7 Rxh4 20. Bxf8 Rf4 21. Bxe7 Ne5 22. Nxe5 dxe5 23. g3 Rf3 24. Kg2 Rd3 25. Rcd1 1/2-1/2

[Event "CAN-ch"]
[Site "Edmonton CAN"]
[Date "1985.07.15"]
[Round "3"]
[White "Hamilton, Robert"]
[Black "Ross, Dave"]
[Result "0-1"]
[WhiteElo "2363"]
[BlackElo "2285"]
[PlyCount "159"]
[GameId "2160767912717969"]
[EventDate "1985.07.13"]
[EventType "tourn"]
[EventRounds "9"]
[EventCountry "CAN"]
[EventCategory "3"]
[SourceTitle "EXT 2025"]
[Source "ChessBase"]
[SourceDate "2024.10.14"]
[SourceVersion "1"]
[SourceVersionDate "2024.10.14"]
[SourceQuality "1"]

1. e4 e6 2. d4 d5 3. Nd2 a6 4. e5 c5 5. dxc5 Bxc5 6. Nb3 Bb6 7. Qg4 Kf8 8. Bd3 Nc6 9. Qe2 Bd7 10. Nf3 Nge7 11. c3 Ng6 12. O-O Bc7 13. Bxg6 hxg6 14. Re1 Rh5 15. g4 Rh8 16. Nbd4 Rc8 17. Nxc6 Bxc6 18. Nd4 Qh4 19. Bf4 Bb6 20. Bg3 Qh3 21. Rad1 Bd7 22. Qc2 Bc5 23. Qe2 Bb6 24. Rd2 Rc4 25. Qf3 g5 26. b3 Rc8 27. Rc1 Ke7 28. Qe2 Rc7 29. f3 Qh6 30. Qe3 Rhc8 31. Rdc2 Qg6 32. Bf2 Ke8 33. Qe2 Bc5 34. Qd2 Ba3 35. Re1 Bc5 36. Kg2 Be7 37. Ne2 Bb5 38. Nc1 Bb4 39. Bd4 Bc5 40. Bxc5 Rxc5 41. a4 Bd7 42. Nd3 R5c7 43. h4 gxh4 44. Kh3 Kf8 45. Nf4 Qh6 46. Rg1 f6 47. Qe3 g5 48. Nh5 fxe5 49. Qxe5 Be8 50. f4 Bxh5 51. gxh5 Qh7 52. fxg5 Qxc2 53. Rf1+ Ke7 54. Qf6+ Kd6 55. Qf4+ Ke7 56. Qf6+ Kd6 57. Qf4+ Kc6 58. Kxh4 b6 59. g6 Kb7 60. Rg1 Qxc3 61. h6 e5 62. Qf5 Qe3 63. Rg5 Rc1 64. Qd7+ Kb8 65. Qd6+ Ka7 66. Qd7+ R8c7 67. Qh3 Qxh3+ 68. Kxh3 Rh1+ 69. Kg4 Rxh6 70. g7 Rc8 71. g8=Q Rxg8 72. Rxg8 Kb7 73. Kf5 Kc6 74. Kxe5 Kc5 75. Rc8+ Kb4 76. Kxd5 a5 77. Rc4+ Kxb3 78. Rg4 Ka3 79. Rf4 Rh3 80. Rf1 0-1

[Event "CAN-ch"]
[Site "Edmonton CAN"]
[Date "1985.07.17"]
[Round "5"]
[White "Stone, Raymond"]
[Black "Ross, Dave"]
[Result "1-0"]
[WhiteElo "2343"]
[BlackElo "2285"]
[PlyCount "113"]
[GameId "2160767912717983"]
[EventDate "1985.07.13"]
[EventType "tourn"]
[EventRounds "9"]
[EventCountry "CAN"]
[EventCategory "3"]
[SourceTitle "EXT 2025"]
[Source "ChessBase"]
[SourceDate "2024.10.14"]
[SourceVersion "1"]
[SourceVersionDate "2024.10.14"]
[SourceQuality "1"]

1. d4 Nf6 2. c4 e6 3. Nf3 c5 4. d5 exd5 5. cxd5 d6 6. Nc3 g6 7. Nd2 Nbd7 8. e4 Bg7 9. Be2 O-O 10. O-O Re8 11. a4 Ne5 12. Re1 Nh5 13. Nf1 f5 14. Bxh5 gxh5 15. Qxh5 Rf8 16. Ng3 f4 17. Nf5 Bxf5 18. exf5 Qd7 19. Ne4 Rxf5 20. Qh3 Rd8 21. Nxd6 Nf3+ 22. Qxf3 Qxd6 23. g3 Qxd5 24. Qxd5+ Rfxd5 25. Bxf4 Bxb2 26. Rab1 Bc3 27. Re7 Rd1+ 28. Rxd1 Rxd1+ 29. Kg2 Rb1 30. Be3 c4 31. Bxa7 Bf6 32. Rc7 c3 33. a5 Be5 34. Rc5 Bf6 35. Rc7 Be5 36. Rc5 Bf6 37. Kf3 Kf7 38. Rc4 Ke6 39. Ke4 Rb5 40. Bb6 Re5+ 41. Kd3 Rd5+ 42. Ke2 Re5+ 43. Kd1 Rb5 44. Rc7 h5 45. Rxb7 Rb1+ 46. Kc2 Rb2+ 47. Kc1 Ra2 48. Be3 Rxa5 49. Kc2 Kf5 50. Rb4 Rd5 51. h3 Kg6 52. Rc4 Rd6 53. Rc5 Re6 54. Rb5 Rd6 55. Ra5 Re6 56. Rb5 Rd6 57. Rc5 1-0

[Event "CAN-ch"]
[Site "Edmonton CAN"]
[Date "1985.07.19"]
[Round "7"]
[White "Cabanas, Francisco"]
[Black "Ross, Dave"]
[Result "0-1"]
[WhiteElo "2067"]
[BlackElo "2285"]
[PlyCount "101"]
[GameId "2160767912717989"]
[EventDate "1985.07.13"]
[EventType "tourn"]
[EventRounds "9"]
[EventCountry "CAN"]
[EventCategory "3"]
[SourceTitle "EXT 2025"]
[Source "ChessBase"]
[SourceDate "2024.10.14"]
[SourceVersion "1"]
[SourceVersionDate "2024.10.14"]
[SourceQuality "1"]

1. e4 c5 2. Nc3 Nc6 3. g3 g6 4. Bg2 Bg7 5. d3 d6 6. Be3 e6 7. Qd2 Rb8 8. Rb1 Qa5 9. Nf3 b5 10. O-O Nd4 11. a3 Qc7 12. Ne2 Nxf3+ 13. Bxf3 e5 14. Bg2 Ne7 15. Bh6 O-O 16. Bxg7 Kxg7 17. f4 f6 18. Rf2 Bg4 19. Rbf1 a5 20. Nc1 Be6 21. f5 Bg8 22. h4 b4 23. g4 gxf5 24. exf5 d5 25. g5 Qd6 26. Bh3 Kh8 27. g6 hxg6 28. Qh6+ Bh7 29. fxg6 Nxg6 30. Bf5 Rg8 31. Rg2 Qf8 32. Qh5 Qf7 33. Kh1 Rg7 34. Ne2 Nf8 35. Qxf7 Rxf7 36. Ng3 bxa3 37. bxa3 Bxf5 38. Nxf5 Ne6 39. Nh6 Rff8 40. Rfg1 Rb7 41. Nf5 Rh7 42. Rb1 Nd4 43. Nxd4 Rxh4+ 44. Kg1 cxd4 45. Rb5 e4 46. Rxd5 e3 47. Rf5 Re8 48. Kf1 Rh1+ 49. Ke2 Rc8 50. Rxa5 Rxc2+ 51. Kf3 0-1